The economics of health and health care / (Record no. 1109)

000 -LEADER
fixed length control field 02584nam a22005057a 4500
001 - CONTROL NUMBER
control field 15766333
003 - CONTROL NUMBER IDENTIFIER
control field OSt
005 - DATE AND TIME OF LATEST TRANSACTION
control field 20210426124236.0
008 - FIXED-LENGTH DATA ELEMENTS--GENERAL INFORMATION
fixed length control field 090604s2010 maua b 001 0 eng
010 ## - LIBRARY OF CONGRESS CONTROL NUMBER
LC control number 2009023023
015 ## - NATIONAL BIBLIOGRAPHY NUMBER
National bibliography number 015-27044
Source bnb
015 ## - NATIONAL BIBLIOGRAPHY NUMBER
National bibliography number GBA-95369
Source bnb
016 7# - NATIONAL BIBLIOGRAPHIC AGENCY CONTROL NUMBER
Record control number 101507099
Source DNLM
020 ## - INTERNATIONAL STANDARD BOOK NUMBER
International Standard Book Number 9780136080305 (casebound : alk. paper)
020 ## - INTERNATIONAL STANDARD BOOK NUMBER
International Standard Book Number 0136080308 (casebound : alk. paper)
035 ## - SYSTEM CONTROL NUMBER
System control number (OCoLC)ocn390524513
040 ## - CATALOGING SOURCE
Original cataloging agency DNLM/DLC
Transcribing agency DLC
Modifying agency BTCTA
-- YDXCP
-- NLM
-- C#P
-- BWX
-- GBVCP
-- DLC
Language of cataloging eng
041 ## - LANGUAGE CODE
Language code of text/sound track or separate title eng
042 ## - AUTHENTICATION CODE
Authentication code pcc
050 00 - LIBRARY OF CONGRESS CALL NUMBER
Classification number RA410
Item number .F65 2010
060 10 - NATIONAL LIBRARY OF MEDICINE CALL NUMBER
Classification number W 74.1
Item number F667e 2010
080 ## - UNIVERSAL DECIMAL CLASSIFICATION NUMBER
Universal Decimal Classification number 614
Item number F-72
082 00 - DEWEY DECIMAL CLASSIFICATION NUMBER
Classification number 338.4/73621
Edition number 22
100 1# - MAIN ENTRY--PERSONAL NAME
Personal name Folland, Sherman.
245 14 - TITLE STATEMENT
Title The economics of health and health care /
Statement of responsibility, etc. Sherman Folland, Allen C. Goodman, Miron Stano.
Remainder of title / by: Prentice Hall
250 ## - EDITION STATEMENT
Edition statement 6th edition
260 ## - PUBLICATION, DISTRIBUTION, ETC.
Place of publication, distribution, etc. Boston
Name of publisher, distributor, etc. Prentice Hall
Date of publication, distribution, etc. c2010.
300 ## - PHYSICAL DESCRIPTION
Extent xxii, 601 p.
Other physical details ill.
Dimensions 26 cm.
504 ## - BIBLIOGRAPHY, ETC. NOTE
Bibliography, etc. note Includes bibliographical references and indexes.
505 0# - FORMATTED CONTENTS NOTE
Formatted contents note Microeconomic tools for health economics -- Statistical tools for health economics -- Economic efficiency and cost-benefit analysis -- Production of health -- The production, cost, and technology of health care -- Demand for health capital -- Demand and supply of health insurance -- Consumer choice and demand -- Asymmetric information and agency -- The organization of health insurance markets -- Managed care -- Nonprofit firms -- Hospitals and long-term care -- The physician's practice -- Health care labor markets and professional training -- The pharmaceutical industry -- Equity, efficiency, and need -- Government intervention in health care markets -- Government regulation : principal regulatory mechanisms -- Social insurance -- Comparative health care systems -- Health system reform -- The health economics of bads -- Epidemiology and economics : HIV/AIDS in Africa.
650 #0 - SUBJECT ADDED ENTRY--TOPICAL TERM
Topical term or geographic name entry element Medical economics.
650 #0 - SUBJECT ADDED ENTRY--TOPICAL TERM
Topical term or geographic name entry element Public Health
9 (RLIN) 337
650 12 - SUBJECT ADDED ENTRY--TOPICAL TERM
Topical term or geographic name entry element Economics, Medical.
650 22 - SUBJECT ADDED ENTRY--TOPICAL TERM
Topical term or geographic name entry element Government Regulation.
650 22 - SUBJECT ADDED ENTRY--TOPICAL TERM
Topical term or geographic name entry element Health Care Reform
General subdivision economics.
650 22 - SUBJECT ADDED ENTRY--TOPICAL TERM
Topical term or geographic name entry element Health Policy
General subdivision economics.
650 22 - SUBJECT ADDED ENTRY--TOPICAL TERM
Topical term or geographic name entry element Insurance, Health
General subdivision economics.
653 ## - INDEX TERM--UNCONTROLLED
Uncontrolled term საზოგადოებრივი ჯანდაცვა
653 ## - INDEX TERM--UNCONTROLLED
Uncontrolled term ჯანდაცვის ეკონომიკა
700 1# - ADDED ENTRY--PERSONAL NAME
Personal name Goodman, Allen C.
700 1# - ADDED ENTRY--PERSONAL NAME
Personal name Stano, Miron.
906 ## - LOCAL DATA ELEMENT F, LDF (RLIN)
a 7
b cbc
c orignew
d 1
e ecip
f 20
g y-gencatlg
942 ## - ADDED ENTRY ELEMENTS (KOHA)
Source of classification or shelving scheme
Koha item type Books
Edition 6
Holdings
Withdrawn status Lost status Source of classification or shelving scheme Damaged status Not for loan Permanent location Current location Date acquired Inventory number Total Checkouts Full call number Barcode Date last seen Price effective from Koha item type
          Ken Walker International University Ken Walker International University 02/01/2021 874   614 F-72 874 02/01/2021 02/01/2021 Books

Powered by Koha